La conversación amorosa /

I tiakina i:
Ngā taipitopito rārangi puna kōrero
Kaituhi matua: Ferney, Alice (autor)
Ētahi atu kaituhi: Riestra, Blanca (traducción) (traducción)
Hōputu: Pukapuka
Reo:Pāniora
I whakaputaina: Madrid, España : Siruela, 2002, c2002
Rangatū:(Nuevos Tiempos ; 10)
Ngā marau:
Ngā Tūtohu: Tāpirihia he Tūtohu
Kāore He Tūtohu, Me noho koe te mea tuatahi ki te tūtohu i tēnei pūkete!

MARC

LEADER 00000nam^a2200000^a^4500
001 000165379
005 20250521000000.0
009 20260310101015.13
020 |a 84-7844-603-6 
037 |a Acervo ITESO - Biblioteca 
041 |a ESP 
082 |a 843.  |b FER 
100 |a Ferney, Alice  |e (autor) 
245 1 3 |a La conversación amorosa /  |c A. Ferney ; tr. por Blanca Riestra. 
264 4 |a Madrid, España :  |b Siruela,  |c 2002, c2002 
300 |a 291 p. 
336 |a texto  |b txt  |2 rdacontenido 
337 |a sin mediación  |b n  |2 rdamedio 
338 |a volumen  |b nc  |2 rdasoporte 
440 1 |a (Nuevos Tiempos ;  |v 10) 
500 |a Traducción de: La conversation amoureuse 
649 |a XX 
650 |a Novela Francesa 
650 |a Literatura Francesa -  |y Siglo XXI 
650 |a Literatura de Mujeres -  |z Francia 
650 |a Relaciones de Pareja 
650 |a Cortejo y Seducción 
650 |a Pasión Amorosa 
650 |a Deseo Sexual 
650 |a Sexualidad 
700 |a Riestra, Blanca  |e (traducción) 
910 |a Fondo General 
920 |a Impresos - Libros 
930 |a Colección General 
940 |a Literatura 
905 |a 101 
901 |a 0500100107  |b IT1  |c LIT  |u 20250521 
902 |a https://opac.biblio.iteso.mx/vufind/Record/000165379